000 01014cam a22003257a 4500
003 CHAP
005 20220817041425.0
008 971013s1966 sp a r 00010 spa d
010 _a14087
011 _a15059
035 _a19133
040 _cCHAP
090 _aFolleto 5589
100 0 0 _aHernández Benedí, José Manuel.
_953855
245 1 3 _aEl abonado de la viña
260 _aMadrid :
_bMinisterio de Agricultura,
_c1966
300 _a15 p. :
_bilus.
490 0 _aHojas divulgadoras
_v; 15-66
590 _aBATCH-UPD
_b10
_c20130110
_lUCH01
_h1724
590 _aBATCH-UPD
_b10
_c20130410
_lUCH01
_h1107
590 _aBATCH-UPD
_b10
_c20130914
_lUCH01
_h1426
590 _aCONVERSION
_b10
_c20130109
_lUCH01
_h1309
650 1 4 _aFertilizantes
_xEfecto en vid.
_940561
650 1 4 _aVid.
_9119097
830 0 _aHojas divulgadoras
_v; 15-66
901 _aBK
942 _cFOLL
949 _aFolleto 5589
_bBC
_cFOLL
_d-44350
_eTS1
_i19133
_mD
_si
949 _aFolleto 5589
_bBC
_cFOLL
_d-44351
_eTS2
_fc.2
_i19133
_mD
_si
999 _c14087
_d14087